000 00595nam a22002417a 4500
003 UA-OsUOA
001 22094
007 ta
008 20031216b un ||||| |||| 00| 0 ukr d
100 _aКондратов А.М.
090 _a008(09)"652"
_bК64
942 _cBK
040 _aUA-OsUOA
_brus
_cUA-OsUOA
_dUA-OsUOA
245 _aЭтруски - загадка номер один
300 _a96 с.
955 _a0
041 _arus
080 _a008(09)"652"
260 _aМосква
_bЗнание
_c1977
044 _aRU
650 7 _2UDC
999 _c308307
_d308307